Country Chain – 7 Letters - Statistics

General Stats
  • This quiz has been taken 17 times
    12 since last reset
  • The average score is 11 of 18
Answer Stats
Answer % Correct
Hungary
100%
Austria
89%
Croatia
78%
Denmark
78%
Germany
78%
Algeria
67%
Belgium
67%
Moldova
67%
Romania
67%
Ukraine
67%
Belarus
56%
Burundi
56%
Georgia
56%
Morocco
56%
Tunisia
56%
Armenia
44%
Czechia Czechia
33%
DR Congo DR Congo
33%
No matching quizzes found
Score Distribution
Percent of People with Each Score
Percentile by Number Answered
Your Score History
You have not taken this quiz since the last reset